| 000 | 00575nam a22001697a 4500 | ||
|---|---|---|---|
| 003 | NUST | ||
| 038 | _aNusrat Nadeem | ||
| 082 | _a200 | ||
| 100 |
_aJanjua, Raashid Wali _9124256 |
||
| 245 |
_aKargil Conflict: Civil – Military Relations and National Security Decision Making/ _cRaashid Wali Janjua |
||
| 264 |
_aIslamabad; _bCIPS NUST; _c2022. |
||
| 300 |
_a350,p; _bill; _c30,cm. |
||
| 650 |
_aPhD-Peace and Conflict Studies _9123173 |
||
| 700 |
_aSupervisor:Dr Tughral Yamin _9120492 |
||
| 856 | _uhttp://10.250.8.41:8080/xmlui/handle/123456789/34773 | ||
| 942 |
_2ddc _cSC |
||
| 999 |
_c610163 _d610163 |
||